000 00922nam a2200265 a 4500
001 000114238
003 CHAP
005 20220329144432.0
008 171128s1970 mx |r| ||||||spa d
010 _a110699
011 _a111671
040 _cCHAP
082 0 4 _a338.5
_bK18
100 1 _aKarel Boon, Gerard
_9134148
245 1 0 _aFactores físicos y humanos en la producción :
_bmétodo para determinar la relación económica hombre-máquina y medición de variaciones en micro y macroeconomía /
_cpor Gerard Karel Boon.
260 _aMéxico, D.F. :
_bFondo de Cultura Económica,
_c1970.
300 _a406 p.
534 _pEconomic Choice of Human and Physical factors in Production
590 _aBATCH-UPD
_b05
_c20171128
_lUCH01
_h1147
590 _aE5765TAJ
_b05
_c20171128
_lUCH01
_h1147
650 1 4 _aProductividad laboral
_xEstudios con casos.
_9134149
901 _aBK
942 _cLIBRO
942 _n0
999 _c110699
_d110699